| 000 | 00891nam a2200277 i 4500 | ||
|---|---|---|---|
| 003 | DO-SdBNP | ||
| 005 | 20240301132213.0 | ||
| 007 | ta | ||
| 008 | 130930s1998 dr d 000 0 spa d | ||
| 040 |
_aDO-SdBNP _bspa _cBNPHU _erda |
||
| 082 | 4 |
_222 _a511.071 _bM425e4 |
|
| 245 | 0 | 0 |
_aMatemática para la educación media : _blibro 2 / _cJulián Santana ... [et al.]. |
| 250 | _a3a ed. revisada | ||
| 264 |
_aSantiago, República Dominicana : _bTeófilo, _c1998. |
||
| 300 |
_a334 páginas : _bgráficos ; _c21 cm. |
||
| 336 |
_2rdacontent _atexto _btxt |
||
| 337 |
_2rdamedia _asin mediación _bn |
||
| 338 |
_2rdacarrier _avolumen _bnc |
||
| 500 | _aSegundo año de educación media | ||
| 590 | _aInventariado, 2023 /BT | ||
| 700 | 1 |
_aHerrera, Roberto _937410 |
|
| 700 | 1 |
_aGutiérrez, Alejandro _965226 |
|
| 700 | 1 |
_aAbreu, Fernando _974364 |
|
| 910 | _aBtavárez | ||
| 942 |
_2ddc _cLBS1 |
||
| 999 |
_c54088 _d54088 |
||